000 00512pam a2200193 a 4500
020 _c
040 _aMedical College Lib.
041 _aENG
_hENG
082 _a616.075
_bBHA
100 _aBharucha , .
245 _aHand Book of Medical Laboratory Technology /
_c
_hTextual Documents
260 _a :
_bCh. Med. Coll. Vellore ,
_c1987.
300 _a419 ;
_c
365 _a80=00
653 _aPathology
_aMedical Science
930 _a3668
999 _c3667
_d3667